000 00525cam a2200181 4500500
005 20260405003321.0
041 _afre
042 _adc
100 1 0 _aGoron, Gaëtan
_eauthor
245 0 0 _aPhilocroisés #70
260 _c2021.
500 _a62
690 _aGaëtan Goron
690 _aJeu
690 _aMots croisés
786 0 _nPhilosophie magazine | 150 | 6 | 2021-06-01 | p. 98-98 | 1951-1787
856 4 1 _uhttps://shs.cairn.info/magazine-philosophie-magazine-2021-6-page-98?lang=fr&redirect-ssocas=7080
999 _c2066445
_d2066445